[Event "SVK-chT2A 1718"]
[Site "Slovakia"]
[Date "2017.11.26"]
[Round "4.4"]
[White "Bartos, Miloslav"]
[Black "Mihalik, Marek"]
[Result "1-0"]
[WhiteElo "2131"]
[BlackElo "2002"]
[PlyCount "81"]
[EventDate "2017.10.28"]
[EventType "team-tourn"]
[EventRounds "11"]
[EventCountry "SVK"]
[SourceTitle "EXT 2019"]
[Source "ChessBase"]
[SourceDate "2018.10.10"]
[SourceVersion "1"]
[SourceVersionDate "2018.10.10"]
[SourceQuality "1"]
[WhiteTeam "Modra II"]
[BlackTeam "Piestany Loewe"]
[WhiteTeamCountry "SVK"]
[BlackTeamCountry "SVK"]

1. e4 c5 2. Nf3 d6 3. Bb5+ Bd7 4. Bxd7+ Nxd7 5. b3 Ngf6 6. Qe2 e6 7. Bb2 Be7 8. Nc3 0-0 9. a4 a6 10. 0-0 Qc7 11. d3 Rfd8 12. Rfe1 Ne5 13. Nxe5 dxe5 14. Nd1 Rac8 15. a5 Nd7 16. Ne3 Nb8 17. Nc4 Nc6 18. Ra4 Rf8 19. Bc3 Rce8 20. Qh5 g6 21. Qh6 Bd6 22. Re3 f5 23. Rg3 Rf7 24. exf5 Bf8 25. Rxg6+ hxg6 26. Qxg6+ Bg7 27. f6 Nd4 28. Bxd4 exd4 29. g3 Kf8 30. fxg7+ Rxg7 31. Qf6+ Kg8 32. Nd2 Qc6 33. Ne4 Rf8 34. Qh6 Rf5 35. Rc4 Kf7 36. b4 b6 37. axb6 Qxb6 38. bxc5 Qb1+ 39. Kg2 Rd5 40. c3 Qb8 41. Qf6+ 1-0

[Event "SVK-chT3A2 1617"]
[Site "Slovakia"]
[Date "2017.02.05"]
[Round "8.4"]
[White "Rachela, Jozef"]
[Black "Mihalik, Marek"]
[Result "1/2-1/2"]
[WhiteElo "2016"]
[BlackElo "2045"]
[PlyCount "21"]
[EventDate "2016.10.16"]
[EventType "team-tourn"]
[EventRounds "11"]
[EventCountry "SVK"]
[SourceTitle "EXT 2020"]
[Source "ChessBase"]
[SourceDate "2019.10.17"]
[SourceVersion "1"]
[SourceVersionDate "2019.10.17"]
[SourceQuality "1"]
[WhiteTeam "Dunajska Streda II"]
[BlackTeam "Piestany Kupele"]
[WhiteTeamCountry "SVK"]
[BlackTeamCountry "SVK"]

1. e4 c5 2. Nc3 d6 3. g3 Nc6 4. Bg2 g6 5. d3 Bg7 6. Nge2 e6 7. Be3 Nge7 8. 0-0 0-0 9. Qd2 Rb8 10. d4 b6 11. Rad1 1/2-1/2

[Event "SVK-chT3A2 1617"]
[Site "Slovakia"]
[Date "2016.11.13"]
[Round "3.1"]
[White "Pericka, Tomas"]
[Black "Mihalik, Marek"]
[Result "1-0"]
[WhiteElo "1996"]
[BlackElo "2045"]
[PlyCount "61"]
[EventDate "2016.10.16"]
[EventType "team-tourn"]
[EventRounds "11"]
[EventCountry "SVK"]
[SourceTitle "EXT 2020"]
[Source "ChessBase"]
[SourceDate "2019.10.17"]
[SourceVersion "1"]
[SourceVersionDate "2019.10.17"]
[SourceQuality "1"]
[WhiteTeam "Senica CVC"]
[BlackTeam "Piestany Kupele"]
[WhiteTeamCountry "SVK"]
[BlackTeamCountry "SVK"]

1. e4 c5 2. Nf3 d6 3. Bb5+ Bd7 4. Bxd7+ Qxd7 5. c3 Nc6 6. d4 cxd4 7. cxd4 g6 8. 0-0 Bg7 9. Nc3 e6 10. Bf4 a6 11. d5 Ne5 12. Nxe5 dxe5 13. Be3 Ne7 14. Na4 Nc8 15. Nc5 Qe7 16. dxe6 fxe6 17. Qb3 Kf7 18. Rfd1 Nd6 19. Rxd6 Qxd6 20. Rd1 Qc6 21. Rd7+ Kf6 22. Qd1 Qxd7 23. Qxd7 Rhe8 24. h4 h6 25. Qxb7 Rad8 26. Nd7+ Kf7 27. Nxe5+ Kg8 28. Qf7+ Kh8 29. Nxg6+ Kh7 30. Bd4 Rg8 31. Ne7 1-0

[Event "SVK-chT3A2 1415"]
[Site "Slovakia"]
[Date "2014.11.16"]
[Round "3.5"]
[White "Danada, Tomas"]
[Black "Mihalik, Marek"]
[Result "1-0"]
[WhiteElo "2118"]
[BlackElo "2025"]
[PlyCount "64"]
[EventDate "2014.10.19"]
[EventType "team-tourn"]
[EventRounds "11"]
[EventCountry "SVK"]
[SourceTitle "EXT 2019"]
[Source "ChessBase"]
[SourceDate "2018.10.10"]
[SourceVersion "1"]
[SourceVersionDate "2018.10.10"]
[SourceQuality "1"]

1. e4 c5 2. Nf3 d6 3. d4 cxd4 4. Qxd4 Nc6 5. Bb5 Bd7 6. Bxc6 Bxc6 7. Nc3 e5 8. Qd3 Nf6 9. Bg5 h6 10. Bxf6 Qxf6 11. 0-0-0 0-0-0 12. Kb1 Be7 13. Nd2 Qxf2 14. Rhf1 Qd4 15. Qf3 Bf6 16. Nb3 Qb6 17. Nd5 Bxd5 18. Rxd5 Kb8 19. Na5 Rc8 20. Qd3 Rc5 21. Nc4 Rxd5 22. Qxd5 Qd4 23. Qxd4 exd4 24. Nxd6 Rf8 25. Nxf7 Kc7 26. Ne5 Re8 27. Ng4 Rxe4 28. Nxf6 gxf6 29. Kc1 Re6 30. Kd2 Kd6 31. Kd3 Ke7 32. Rf4 Re3+ 1-0

[Event "SVK-chT2A 1213"]
[Site "Slovakia"]
[Date "2013.03.17"]
[Round "11.1"]
[White "Mihalik, Marek"]
[Black "Sipos, Istvan"]
[Result "0-1"]
[WhiteElo "2019"]
[BlackElo "2459"]
[PlyCount "100"]
[EventDate "2012.10.13"]
[EventType "team-tourn"]
[EventRounds "11"]
[EventCountry "SVK"]
[SourceTitle "EXT 2015"]
[Source "ChessBase"]
[SourceDate "2014.11.20"]
[SourceVersion "1"]
[SourceVersionDate "2014.11.20"]
[SourceQuality "1"]
[WhiteTeam "Piestany Kupele"]
[BlackTeam "Gabcikovo"]
[WhiteTeamCountry "SVK"]
[BlackTeamCountry "SVK"]

1. d4 Nf6 2. Nf3 c5 3. e3 g6 4. c3 b6 5. Bd3 Bb7 6. 0-0 Bg7 7. Re1 d5 8. Nbd2 0-0 9. b3 Nbd7 10. Bb2 Rc8 11. Rc1 Re8 12. Ne5 e6 13. Ndf3 Re7 14. Qe2 Ne4 15. Nxd7 Rxd7 16. Nd2 Nd6 17. Bb1 Rdc7 18. Nf1 Qh4 19. Ng3 h5 20. Nf1 Ne4 21. Ng3 cxd4 22. cxd4 Rxc1 23. Rxc1 Rxc1+ 24. Bxc1 Nc3 25. Qc2 Nxb1 26. Qxb1 Bf8 27. Ne2 Bd6 28. h3 Qe7 29. Bb2 Ba6 30. Nf4 Qd7 31. g3 Kg7 32. Kg2 Qb5 33. Qd1 Qa5 34. a4 b5 35. Qc2 bxa4 36. bxa4 Bc4 37. Bc3 Qa6 38. a5 Bf1+ 39. Kh2 Qc4 40. Qd2 g5 41. Ng2 Kf8 42. Ne1 Ke8 43. Kg1 Bxh3 44. Nd3 f6 45. Kh2 Bf5 46. Nc5 Qf1 47. Nb7 Bc7 48. Nc5 h4 49. Qa2 hxg3+ 50. fxg3 Bxg3+ 0-1

[Event "SVK-chT2A 1213"]
[Site "Slovakia"]
[Date "2013.02.17"]
[Round "9.3"]
[White "Jablonicky, Frantisek"]
[Black "Mihalik, Marek"]
[Result "1-0"]
[WhiteElo "2173"]
[BlackElo "2019"]
[PlyCount "69"]
[EventDate "2012.10.13"]
[EventType "team-tourn"]
[EventRounds "11"]
[EventCountry "SVK"]
[SourceTitle "EXT 2015"]
[Source "ChessBase"]
[SourceDate "2014.11.20"]
[SourceVersion "1"]
[SourceVersionDate "2014.11.20"]
[SourceQuality "1"]
[WhiteTeam "Dunajska Streda II"]
[BlackTeam "Piestany Kupele"]
[WhiteTeamCountry "SVK"]
[BlackTeamCountry "SVK"]

1. Nf3 Nf6 2. d4 e6 3. c4 Bb4+ 4. Nbd2 0-0 5. g3 d5 6. Qc2 c6 7. Bg2 Ne4 8. 0-0 Nxd2 9. Nxd2 Nd7 10. e4 Bxd2 11. Bxd2 dxc4 12. Qxc4 e5 13. d5 Nb6 14. Qb3 c5 15. f4 f6 16. fxe5 fxe5 17. Rxf8+ Qxf8 18. Rf1 Qd6 19. Qf3 h6 20. Qf7+ Kh7 21. Qf8 Qxf8 22. Rxf8 Kg6 23. Bc3 Nd7 24. Rf5 b5 25. h3 b4 26. Bxe5 Nxe5 27. Rxe5 Kf6 28. Re8 Kf7 29. Rh8 c4 30. Kf2 a5 31. Bf1 c3 32. bxc3 bxc3 33. Ke3 a4 34. Bc4 Ke7 35. Kd3 1-0

[Event "SVK-chT2A 10/11"]
[Site "Slovakia"]
[Date "2010.12.04"]
[Round "3.2"]
[White "Janos, Martin"]
[Black "Mihalik, Marek"]
[Result "1-0"]
[WhiteElo "2250"]
[BlackElo "2080"]
[PlyCount "103"]
[EventDate "2010.10.23"]
[EventType "team-tourn"]
[EventRounds "11"]
[EventCountry "SVK"]
[SourceTitle "EXT 2019"]
[Source "ChessBase"]
[SourceDate "2018.10.10"]
[SourceVersion "1"]
[SourceVersionDate "2018.10.10"]
[SourceQuality "1"]
[WhiteTeam "Bratislava Doprastav II"]
[BlackTeam "Piestany Kupele"]
[WhiteTeamCountry "SVK"]
[BlackTeamCountry "SVK"]

1. e4 c5 2. Nf3 d6 3. d4 cxd4 4. Nxd4 Nf6 5. Nc3 a6 6. Be2 e5 7. Nf3 Be7 8. 0-0 0-0 9. Bc4 Qc7 10. Nd5 Nxd5 11. Bxd5 Nc6 12. c3 Nd8 13. a4 Bg4 14. h3 Be6 15. a5 Bxd5 16. Qxd5 Ne6 17. Re1 Qc6 18. Qd3 Nc5 19. Qc2 Qb5 20. c4 Qb3 21. Qe2 Qd3 22. Qxd3 Nxd3 23. Rd1 Nxc1 24. Raxc1 f5 25. Rc3 fxe4 26. Nd2 d5 27. cxd5 Bb4 28. Rb3 Bxa5 29. Nc4 Bd8 30. Rxb7 Bf6 31. Re1 Rab8 32. Rxb8 Rxb8 33. Rxe4 Rb5 34. d6 Rd5 35. Kf1 Rd4 36. Rxd4 exd4 37. Ke2 Kf7 38. Kd3 Ke6 39. Ke4 h5 40. f4 a5 41. b3 h4 42. Nxa5 Kxd6 43. b4 g5 44. fxg5 Bxg5 45. Kxd4 Bf6+ 46. Kd3 Kd5 47. Nc4 Be7 48. b5 Bd8 49. b6 Kc6 50. Ke4 Kb5 51. Kd5 Ka6 52. Kc6 1-0

[Event "SVK-chT3A2 0910"]
[Site "Slovakia"]
[Date "2010.01.17"]
[Round "6.1"]
[White "Mihalik, Marek"]
[Black "Pagerka, Martin"]
[Result "1/2-1/2"]
[WhiteElo "2090"]
[BlackElo "2097"]
[PlyCount "117"]
[EventDate "2009.10.18"]
[EventType "team-tourn"]
[EventRounds "11"]
[EventCountry "SVK"]
[SourceTitle "EXT 2011"]
[Source "ChessBase"]
[SourceDate "2010.11.26"]
[SourceVersion "1"]
[SourceVersionDate "2010.11.26"]
[SourceQuality "1"]
[WhiteTeam "Piestany Kupele II"]
[BlackTeam "Osuske II"]
[WhiteTeamCountry "SVK"]
[BlackTeamCountry "SVK"]

1. d4 Nf6 2. c4 c5 3. e3 e6 4. Nc3 Be7 5. Nf3 b6 6. Bd3 Bb7 7. 0-0 d6 8. Qe2 Nbd7 9. b3 0-0 10. Bb2 a6 11. Rad1 g6 12. Bb1 Qc7 13. e4 Nh5 14. Qe3 f6 15. Rfe1 Rf7 16. e5 fxe5 17. dxe5 Bxf3 18. exd6 Bxd6 19. gxf3 Bxh2+ 20. Kh1 Ne5 21. Nd5 exd5 22. Bxe5 Bxe5 23. Qxe5 Qxe5 24. Rxe5 Rxf3 25. cxd5 Rd8 26. Rd2 Rf6 27. Bd3 b5 28. a4 Nf4 29. axb5 Nxd3 30. Rxd3 axb5 31. d6 c4 32. Rde3 Rdxd6 33. Rxb5 cxb3 34. Rb8+ Kg7 35. Rb7+ Kh6 36. Rh3+ Kg5 37. Rg3+ Kf4 38. Rbxb3 Rf5 39. Kg2 Ke5 40. Rb5+ Kf6 41. Rxf5+ Kxf5 42. Ra3 h5 43. Kg3 g5 44. Ra5+ Kg6 45. Ra3 h4+ 46. Kg4 Rd4+ 47. Kh3 Kf5 48. Ra8 Rd3+ 49. Kh2 Kg4 50. Kg2 Rf3 51. Ra4+ Rf4 52. Ra2 h3+ 53. Kh2 Kf3 54. Ra3+ Kxf2 55. Ra2+ Kf3 56. Ra3+ Ke4 57. Rxh3 Rf3 58. Rh8 Rf5 59. Kg3 1/2-1/2

[Event "SVK-chT3A2 0910"]
[Site "Slovakia"]
[Date "2009.10.24"]
[Round "2.1"]
[White "Mihalik, Marek"]
[Black "Meszaros, Lorant"]
[Result "1/2-1/2"]
[WhiteElo "2090"]
[BlackElo "2119"]
[PlyCount "82"]
[EventDate "2009.10.18"]
[EventType "team-tourn"]
[EventRounds "11"]
[EventCountry "SVK"]
[SourceTitle "EXT 2011"]
[Source "ChessBase"]
[SourceDate "2010.11.26"]
[SourceVersion "1"]
[SourceVersionDate "2010.11.26"]
[SourceQuality "1"]
[WhiteTeam "Piestany Kupele II"]
[BlackTeam "Potonska Veza"]
[WhiteTeamCountry "SVK"]
[BlackTeamCountry "SVK"]

1. d4 f5 2. g3 Nf6 3. Bg2 g6 4. Nf3 Bg7 5. 0-0 0-0 6. e3 d6 7. c3 c6 8. Nbd2 Qe8 9. Qe2 e5 10. dxe5 dxe5 11. e4 f4 12. Nc4 Nh5 13. Nd6 Qe7 14. Nxc8 Rxc8 15. Rd1 fxg3 16. hxg3 h6 17. Nh4 Qf6 18. Qg4 Rf8 19. Be3 Kh7 20. Bc5 Rf7 21. Rd6 Qg5 22. Qxg5 hxg5 23. Nf3 Bf6 24. Be3 g4 25. Nh2 Be7 26. Rd2 Nf6 27. Re1 a5 28. Rde2 Nbd7 29. Rd1 Nc5 30. Bg5 Ncd7 31. Nxg4 Raf8 32. Bxf6 Bxf6 33. Nxf6+ Nxf6 34. Rf1 Rd8 35. f4 Nh5 36. fxe5 Rxf1+ 37. Bxf1 Nxg3 38. Rh2+ Kg7 39. Rg2 Nxf1 40. Kxf1 Re8 41. Ke2 Rxe5 1/2-1/2

[Event "SVK-chT2A 0910"]
[Site "Slovakia"]
[Date "2009.10.10"]
[Round "1.5"]
[White "Hertel, Ondrej"]
[Black "Mihalik, Marek"]
[Result "1-0"]
[WhiteElo "2051"]
[BlackElo "2090"]
[PlyCount "93"]
[EventDate "2009.10.10"]
[EventType "team-tourn"]
[EventRounds "11"]
[EventCountry "SVK"]
[SourceTitle "EXT 2011"]
[Source "ChessBase"]
[SourceDate "2010.11.26"]
[SourceVersion "1"]
[SourceVersionDate "2010.11.26"]
[SourceQuality "1"]
[WhiteTeam "Hlohovec SK Zentiva II"]
[BlackTeam "Piestany Kupele"]
[WhiteTeamCountry "SVK"]
[BlackTeamCountry "SVK"]

1. d4 Nf6 2. Nf3 e6 3. c4 Bb4+ 4. Nbd2 0-0 5. a3 Bxd2+ 6. Bxd2 Ne4 7. Bb4 d6 8. Qc2 f5 9. e3 Nd7 10. Bd3 Ndf6 11. 0-0-0 b6 12. Ng1 Bb7 13. f3 Ng5 14. h4 Nf7 15. Nh3 Qe7 16. Nf2 Rac8 17. e4 fxe4 18. Nxe4 Nxe4 19. Bxe4 Bxe4 20. Qxe4 e5 21. f4 c5 22. dxc5 bxc5 23. Bc3 Rce8 24. fxe5 Nxe5 25. Rhe1 Qe6 26. Bxe5 Qxe5 27. Qxe5 dxe5 28. Rd5 Rf4 29. Rxc5 Rxh4 30. Rc7 e4 31. b4 e3 32. Re2 Rf4 33. c5 Rf2 34. Kd1 Rf1+ 35. Kc2 Ra1 36. Kb3 a5 37. Rd7 axb4 38. axb4 Rb1+ 39. Kc3 Re4 40. Kd3 Rexb4 41. Kxe3 Rb7 42. c6 Rxd7 43. cxd7 Rb8 44. Kd4 Kf7 45. Kc5 Rd8 46. Kd6 Ra8 47. Rf2+ 1-0

[Event "SVK-chT3A2 0809"]
[Site "Slovakia"]
[Date "2009.03.22"]
[Round "10.2"]
[White "Mihalik, Marek"]
[Black "Sturdik, Igor"]
[Result "1-0"]
[WhiteElo "2098"]
[BlackElo "2022"]
[PlyCount "63"]
[EventDate "2008.10.19"]
[EventType "team-tourn"]
[EventRounds "11"]
[EventCountry "SVK"]
[SourceTitle "EXT 2010"]
[Source "ChessBase"]
[SourceDate "2010.11.25"]
[SourceVersion "1"]
[SourceVersionDate "2010.11.25"]
[SourceQuality "1"]
[WhiteTeam "Piestany Kupele II"]
[BlackTeam "Trnava Modranka"]
[WhiteTeamCountry "SVK"]
[BlackTeamCountry "SVK"]

1. d4 Nf6 2. c4 c5 3. Nf3 e6 4. Nc3 d5 5. cxd5 Nxd5 6. g3 Nc6 7. dxc5 Nxc3 8. Qxd8+ Kxd8 9. bxc3 Bxc5 10. Bg2 Bd7 11. 0-0 Ke7 12. Rb1 b6 13. Rd1 Rac8 14. Ng5 f5 15. Nf7 Rhf8 16. Bg5+ Kxf7 17. Rxd7+ Kg6 18. Bxc6 Rxc6 19. Bf4 Rf7 20. Rbd1 a5 21. Be5 Rxd7 22. Rxd7 Bf8 23. Rb7 h5 24. Bd4 a4 25. Kg2 Kh6 26. h4 Kg6 27. Kf3 Bd6 28. Rxg7+ Kh6 29. Rb7 e5 30. Rxb6 Rxb6 31. Bxb6 Kg6 32. e4 1-0